Passion brands : (Record no. 43095)
[ view plain ]
| 000 -LEADER | |
|---|---|
| campo de control de longitud fija | 01703cam a2200349Ma 4500 |
| 001 - NÚMERO DE CONTROL | |
| campo de control | 101088 |
| 005 - FECHA Y HORA DE LA ÚLTIMA TRANSACCIÓN | |
| campo de control | 20230410115531.0 |
| 008 - DATOS DE LONGITUD FIJA--INFORMACIÓN GENERAL | |
| campo de control de longitud fija | 081204s2009 nyu 001 0 eng |
| 010 ## - NÚMERO DE CONTROL DE LA BIBLIOTECA DEL CONGRESO | |
| Número de control de LC | 2008049550 |
| 035 ## - NÚMERO DE CONTROL DEL SISTEMA | |
| Número de control de sistema | (OCoLC)ocn419909766 |
| 040 ## - FUENTE DE CATALOGACIÓN | |
| Centro catalogador/agencia de origen | AU@ |
| Lengua de catalogación | eng |
| Centro/agencia transcriptor | AU@ |
| Centro/agencia modificador | CDX |
| 020 ## - NÚMERO INTERNACIONAL ESTÁNDAR DEL LIBRO | |
| Número Internacional Estándar del Libro | 9781591026877 (hardcover : alk. paper) |
| 020 ## - NÚMERO INTERNACIONAL ESTÁNDAR DEL LIBRO | |
| Número Internacional Estándar del Libro | 1591026873 (hardcover : alk. paper) |
| 029 0# - OTRO NÚMERO DE CONTROL DE SISTEMA (OCLC) | |
| Identificador de la biblioteca OCLC | AU@ |
| Número de control de sistema | 000043663157 |
| 035 ## - NÚMERO DE CONTROL DEL SISTEMA | |
| Número de control de sistema | (OCoLC)419909766 |
| 082 00 - NÚMERO DE LA CLASIFICACIÓN DECIMAL DEWEY | |
| Número de clasificación | 658.8/27 |
| Número de edición | 22 |
| 050 14 - SIGNATURA TOPOGRÁFICA DE LA BIBLIOTECA DEL CONGRESO | |
| Número de clasificación | HD69.B7 |
| Número de ítem | N549p 2009 |
| 100 1# - ENTRADA PRINCIPAL--NOMBRE DE PERSONA | |
| Nombre de persona | Newlin, Kate. |
| 245 10 - MENCIÓN DEL TÍTULO | |
| Título | Passion brands : |
| Resto del título | why some brands are just gotta have, drive all night for, and tell your friends about / |
| Mención de responsabilidad, etc. | Kate Newlin. |
| 260 ## - PUBLICACIÓN, DISTRIBUCIÓN, ETC. | |
| Lugar de publicación, distribución, etc. | Amherst, NY : |
| Nombre del editor, distribuidor, etc. | Prometheus Books,, |
| Fecha de publicación, distribución, etc. | 2009. |
| 300 ## - DESCRIPCIÓN FÍSICA | |
| Extensión | p. cm. |
| 500 ## - NOTA GENERAL | |
| Nota general | Includes index. |
| 505 0# - NOTA DE CONTENIDO CON FORMATO | |
| Nota de contenido con formato | Foreword / Mark DiMassimo -- Pt. 1. Seven Accelerators of Passion Branding -- Ch. 1. The Brands We Love -- Ch. 2. Work the Worldview, Not the Age, Race, or Gender -- Ch. 3. Differentiate on Design -- Ch. 4. Hire Passionistas -- Ch. 5. Know They Know You Need Them -- Ch. 6. Democratize the Brand -- Ch. 7. Mine the Mythos -- Ch. 8. Brand the Buzz -- Ch. 9. My Prescription for Building Brand Passion -- Pt. 2. Why Now? -- Ch. 10. The Aging of Us -- Ch. 11. The New Isolationism -- Ch. 12. The Automaton-ization of Reality -- Ch. 13. The "Other People Who Bought This Book Also Liked ..." Identity -- Ch. 14. The Ubiquitous Marketing Gene. |
| 650 #0 - PUNTO DE ACCESO ADICIONAL DE MATERIA--TÉRMINO DE MATERIA | |
| Término de materia o nombre geográfico como elemento de entrada | Brand name products. |
| 650 #0 - PUNTO DE ACCESO ADICIONAL DE MATERIA--TÉRMINO DE MATERIA | |
| Término de materia o nombre geográfico como elemento de entrada | Consumers |
| Subdivisión general | Attitudes. |
| 650 #0 - PUNTO DE ACCESO ADICIONAL DE MATERIA--TÉRMINO DE MATERIA | |
| Término de materia o nombre geográfico como elemento de entrada | Customer loyalty. |
| 650 #0 - PUNTO DE ACCESO ADICIONAL DE MATERIA--TÉRMINO DE MATERIA | |
| Término de materia o nombre geográfico como elemento de entrada | Branding (Marketing) |
| 938 ## - | |
| -- | Coutts Information Services |
| -- | COUT |
| -- | 8214388 |
| 942 ## - ELEMENTOS DE ENTRADA SECUNDARIOS (KOHA) | |
| Fuente del sistema de clasificación o colocación | Clasificación de Library of Congress |
| Tipo de ítem Koha | |
| 946 ## - PROCESAMIENTO DE INFORMACIÓN LOCAL (OCLC) | |
| a | FHM |
| 994 ## - | |
| -- | C0 |
| -- | DRFGD |
| Estatus retirado | Estado de pérdida | Fuente del sistema de clasificación o colocación | Estado de daño | No para préstamo | Colección | Biblioteca de origen | Biblioteca actual | Ubicación en estantería | Fecha de adquisición | Serial enumeration / chronology | Signatura topográfica completa | Código de barras | Visto por última vez | Copia número | Tipo de ítem Koha |
|---|---|---|---|---|---|---|---|---|---|---|---|---|---|---|---|
| Clasificación de Library of Congress | Ciencias Sociales | Biblioteca Juan Bosch | Biblioteca Juan Bosch | Ciencias Sociales (3er. Piso) | 10/04/2023 | 3 | HD69.B7 N549p 2009 | 00000094344 | 24/10/2018 | 1 |
